| 000 | 00680cam a2200241Ia 4500 | ||
|---|---|---|---|
| 003 | data | ||
| 005 | 20260322212057.0 | ||
| 008 | data | ||
| 020 | _a0760722153 | ||
| 020 | _a9780760722152 | ||
| 040 |
_aWDG _cWDG _dOCLCQ |
||
| 043 | _aa-is--- | ||
| 050 | 4 |
_aDS111 _b.B68 2004 |
|
| 082 | 0 | 4 |
_a933 _bBOU |
| 092 | _a933 Bou 2004 | ||
| 100 | 1 | _aBourbon, Fabio. | |
| 245 | 1 | 4 |
_aThe Holy Land : _bguide to the archaeological sites and historical monuments / _cFabio Bourbon & Enrico Lavagno. |
| 260 |
_aNew York : _bBarnes & Noble Books, _c2001. |
||
| 300 |
_a227 p. : _bcol. ill. ; _c30 cm. |
||
| 651 | 0 |
_aPalestine _xAntiquities _vGuidebooks. |
|
| 700 | 1 | _aLavagno, Enrico. | |
| 001 | data | ||
| 999 |
_c1366 _d1366 |
||